Fast Typing QWERTY - Statistics

General Stats
  • This quiz has been taken 516 times
  • The average score is 23 of 26
Answer Stats
Hint Answer % Correct
q q
100%
e e
99%
r r
99%
t t
99%
w w
99%
y y
99%
u u
95%
i i
94%
o o
94%
p p
94%
a a
91%
s s
90%
d d
89%
f f
89%
g g
89%
h h
89%
j j
88%
k k
87%
l l
86%
z z
83%
c c
82%
x x
82%
b b
80%
n n
80%
v v
80%
m m
79%
No matching quizzes found
Score Distribution
Percent of People with Each Score
Percentile by Number Answered
Your Score History
You have not taken this quiz